[Event "DEM U10w 2024"]
[Site "Willingen GER"]
[Date "2024.05.19"]
[Round "1"]
[White "Tiuca, Emma"]
[Black "Ruddat, Maila"]
[Result "1-0"]
[Termination "normal"]
[Board "10"]
[WhiteElo "1516"]
[BlackElo "1522"]
[WhiteClock "00:45:01"]
[BlackClock "00:49:13"]
[PlyCount "67"]
[WhiteFideId "4007549"]
[BlackFideId "34628100"]
[EventCountry "GER"]
[EventRounds "11"]
[EventType "swiss"]
[EventDate "2024.05.18"]

1. e4 {[%clk 01:15:56]} {[%emt 00:00:02]} e5 {[%clk 01:15:38]} {[%emt
00:00:23]} 2. Nf3 {[%clk 01:16:16]} {[%emt 00:00:10]} Nc6 {[%clk 01:15:29]}
{[%emt 00:00:39]} 3. Bb5 {[%clk 01:16:33]} {[%emt 00:00:12]} a6 {[%clk
01:15:32]} {[%emt 00:00:27]} 4. Ba4 {[%clk 01:16:49]} {[%emt 00:00:14]} Nf6
{[%clk 01:15:27]} {[%emt 00:00:36]} 5. O-O {[%clk 01:16:59]} {[%emt 00:00:19]}
Be7 {[%clk 01:15:12]} {[%emt 00:00:42]} 6. Re1 {[%clk 01:17:16]} {[%emt
00:00:16]} b5 {[%clk 01:15:12]} {[%emt 00:00:31]} 7. Bb3 {[%clk 01:17:28]}
{[%emt 00:00:18]} O-O {[%clk 01:15:09]} {[%emt 00:00:33]} 8. c3 {[%clk
01:17:47]} {[%emt 00:00:11]} d5 {[%clk 01:14:43]} {[%emt 00:00:56]} 9. exd5
{[%clk 01:17:17]} {[%emt 00:00:59]} Nxd5 {[%clk 01:14:53]} {[%emt 00:00:20]}
10. Nxe5 {[%clk 01:17:14]} {[%emt 00:00:34]} Nxe5 {[%clk 01:15:06]} {[%emt
00:00:17]} 11. Rxe5 {[%clk 01:17:21]} {[%emt 00:00:22]} c6 {[%clk 01:15:23]}
{[%emt 00:00:12]} 12. d4 {[%clk 01:17:05]} {[%emt 00:00:47]} Bd6 {[%clk
01:13:50]} {[%emt 00:02:02]} 13. Rh5 {[%clk 01:12:28]} {[%emt 00:05:08]} Qf6
{[%clk 01:11:53]} {[%emt 00:02:25]} 14. Bg5 {[%clk 01:11:19]} {[%emt 00:01:41]}
Qe6 {[%clk 01:10:16]} {[%emt 00:02:01]} 15. Nd2 {[%clk 01:08:17]} {[%emt
00:03:38]} f6 {[%clk 01:08:33]} {[%emt 00:02:08]} 16. Be3 {[%clk 01:07:36]}
{[%emt 00:01:13]} a5 {[%clk 01:07:27]} {[%emt 00:01:35]} 17. a4 {[%clk
01:07:08]} {[%emt 00:01:02]} bxa4 {[%clk 01:07:23]} {[%emt 00:00:33]} 18. Bc4
{[%clk 01:07:00]} {[%emt 00:00:39]} Ba6 {[%clk 01:07:03]} {[%emt 00:00:45]} 19.
Ba2 {[%clk 01:06:10]} {[%emt 00:01:25]} Rab8 {[%clk 01:06:20]} {[%emt
00:01:11]} 20. Qc2 {[%clk 01:04:54]} {[%emt 00:01:48]} g6 {[%clk 01:05:08]}
{[%emt 00:01:38]} 21. Rh3 {[%clk 01:04:47]} {[%emt 00:00:31]} Rfe8 {[%clk
01:00:27]} {[%emt 00:05:18]} 22. Rb1 {[%clk 00:57:20]} {[%emt 00:07:58]} f5
{[%clk 00:59:40]} {[%emt 00:01:17]} 23. Qxa4 {[%clk 00:54:17]} {[%emt
00:03:36]} f4 {[%emt 00:04:15]} 24. Bxf4 {[%clk 00:53:03]} {[%emt 00:00:46]}
Qe1+ {[%clk 00:56:56]} {[%emt 00:00:26]} 25. Nf1 {[%clk 00:52:35]} {[%emt
00:00:58]} Qe6 {[%clk 00:53:15]} {[%emt 00:04:02]} 26. Bxd6 {[%clk 00:51:44]}
{[%emt 00:01:31]} Qxd6 {[%clk 00:53:32]} {[%emt 00:00:13]} 27. Qd1 {[%clk
00:49:47]} {[%emt 00:02:26]} Be2 {[%clk 00:51:55]} {[%emt 00:02:06]} 28. Qd2
{[%clk 00:49:31]} {[%emt 00:00:46]} Bg4 {[%clk 00:51:42]} {[%emt 00:00:40]} 29.
Rg3 {[%clk 00:49:10]} {[%emt 00:00:55]} Bf5 {[%clk 00:51:52]} {[%emt 00:00:20]}
30. Rc1 {[%clk 00:48:50]} {[%emt 00:00:51]} Kg7 {[%clk 00:49:59]} {[%emt
00:02:14]} 31. Bb1 {[%clk 00:47:12]} {[%emt 00:02:16]} Bxb1 {[%clk 00:49:18]}
{[%emt 00:01:11]} 32. Rxb1 {[%clk 00:47:31]} {[%emt 00:00:10]} Rf8 {[%clk
00:49:18]} {[%emt 00:00:30]} 33. Ne3 {[%clk 00:44:46]} {[%emt 00:03:16]} Nf6
{[%clk 00:49:13]} {[%emt 00:00:32]} 34. Nf5+ {[%clk 00:45:01]} {[%emt
00:05:10]} 1-0

[Event "DEM U10w 2024"]
[Site "Willingen GER"]
[Date "2024.05.19"]
[Round "1"]
[White "Tadic, Lena"]
[Black "Müller, Greta Waltraud"]
[Result "1/2-1/2"]
[Termination "normal"]
[Board "11"]
[WhiteElo "980"]
[BlackElo "1224"]
[WhiteClock "01:01:26"]
[BlackClock "00:56:59"]
[PlyCount "59"]
[WhiteFideId "34687300"]
[EventCountry "GER"]
[EventRounds "11"]
[EventType "swiss"]
[EventDate "2024.05.18"]

1. e3 {[%clk 01:15:58]} {[%emt 00:00:01]} e5 {[%clk 01:15:51]} {[%emt
00:00:09]} 2. d4 {[%clk 01:16:21]} {[%emt 00:00:08]} exd4 {[%clk 01:16:03]}
{[%emt 00:00:18]} 3. exd4 {[%clk 01:16:42]} {[%emt 00:00:09]} d5 {[%clk
01:16:16]} {[%emt 00:00:17]} 4. Nf3 {[%clk 01:17:02]} {[%emt 00:00:10]} Nf6
{[%clk 01:16:30]} {[%emt 00:00:16]} 5. c4 {[%clk 01:17:20]} {[%emt 00:00:11]}
c6 {[%clk 01:15:25]} {[%emt 00:01:36]} 6. Nc3 {[%clk 01:16:31]} {[%emt
00:01:19]} Bb4 {[%clk 01:15:05]} {[%emt 00:00:48]} 7. Bd3 {[%clk 01:15:24]}
{[%emt 00:01:39]} Bxc3+ {[%clk 01:14:46]} {[%emt 00:00:48]} 8. bxc3 {[%clk
01:15:47]} {[%emt 00:00:07]} Qe7+ {[%clk 01:14:01]} {[%emt 00:01:10]} 9. Qe2
{[%clk 01:15:11]} {[%emt 00:01:11]} Qxe2+ {[%clk 01:14:02]} {[%emt 00:00:29]}
10. Bxe2 {[%clk 01:15:31]} {[%emt 00:00:10]} Be6 {[%clk 01:13:59]} {[%emt
00:00:33]} 11. Bg5 {[%clk 01:14:20]} {[%emt 00:01:40]} dxc4 {[%clk 01:12:27]}
{[%emt 00:02:04]} 12. Bxf6 {[%clk 01:14:41]} {[%emt 00:00:09]} gxf6 {[%clk
01:12:48]} {[%emt 00:00:08]} 13. Rb1 {[%clk 01:14:58]} {[%emt 00:00:14]} b5
{[%clk 01:12:08]} {[%emt 00:01:07]} 14. O-O {[%clk 01:14:35]} {[%emt 00:00:26]}
Rg8 {[%clk 01:11:39]} {[%emt 00:01:27]} 15. Rfe1 {[%clk 01:13:19]} {[%emt
00:01:47]} Kf8 {[%clk 01:10:55]} {[%emt 00:01:02]} 16. Kf1 {[%clk 01:11:10]}
{[%emt 00:02:52]} Bd5 {[%clk 01:09:58]} {[%emt 00:01:20]} 17. g3 {[%clk
01:10:45]} {[%emt 00:01:01]} Nd7 {[%clk 01:09:27]} {[%emt 00:00:59]} 18. Nd2
{[%clk 01:10:13]} {[%emt 00:01:04]} Re8 {[%clk 01:07:59]} {[%emt 00:01:59]} 19.
a4 {[%clk 01:08:28]} {[%emt 00:02:15]} a6 {[%clk 01:06:52]} {[%emt 00:01:37]}
20. a5 {[%clk 01:07:29]} {[%emt 00:01:29]} c5 {[%clk 01:05:26]} {[%emt
00:01:55]} 21. dxc5 {[%clk 01:06:25]} {[%emt 00:01:35]} Nxc5 {[%clk 01:05:30]}
{[%emt 00:00:25]} 22. Bf3 {[%clk 01:05:11]} {[%emt 00:01:45]} Rxe1+ {[%clk
01:04:49]} {[%emt 00:01:10]} 23. Rxe1 {[%clk 01:05:31]} {[%emt 00:00:10]} Bxf3
{[%clk 01:04:46]} {[%emt 00:00:33]} 24. Nxf3 {[%clk 01:04:36]} {[%emt
00:01:25]} Nb3 {[%clk 01:04:42]} {[%emt 00:00:34]} 25. Kg2 {[%clk 01:03:41]}
{[%emt 00:01:26]} Nxa5 {[%clk 01:04:28]} {[%emt 00:00:44]} 26. Ra1 {[%clk
01:03:59]} {[%emt 00:00:11]} Nb3 {[%clk 00:59:49]} {[%emt 00:05:09]} 27. Rxa6
{[%emt 00:03:14]} Kg7 {[%clk 00:58:21]} {[%emt 00:00:01]} 28. Rb6 {[%clk
01:02:49]} {[%emt 00:00:55]} Rc8 {[%clk 00:57:24]} {[%emt 00:01:19]} 29. Rxb5
{[%clk 01:02:52]} {[%emt 00:00:35]} Nc5 {[%clk 00:56:59]} {[%emt 00:00:53]} 30.
Nd2 {[%clk 01:01:26]} {[%emt 00:01:57]} 1/2-1/2

[Event "DEM U10w 2024"]
[Site "Willingen GER"]
[Date "2024.05.19"]
[Round "1"]
[White "Jänsch, Layla"]
[Black "Winkler, Anni"]
[Result "0-1"]
[Termination "normal"]
[Board "13"]
[WhiteElo "962"]
[BlackElo "1426"]
[WhiteClock "01:07:17"]
[BlackClock "01:20:42"]
[PlyCount "98"]
[BlackFideId "34622349"]
[EventCountry "GER"]
[EventRounds "11"]
[EventType "swiss"]
[EventDate "2024.05.18"]

1. e4 {[%clk 01:15:57]} {[%emt 00:00:02]} c5 {[%clk 01:15:53]} {[%emt
00:00:08]} 2. f4 {[%clk 01:16:14]} {[%emt 00:00:13]} Nc6 {[%clk 01:15:36]}
{[%emt 00:00:47]} 3. Nf3 {[%clk 01:16:28]} {[%emt 00:00:16]} Qc7 {[%clk
01:15:50]} {[%emt 00:00:16]} 4. d4 {[%clk 01:16:25]} {[%emt 00:00:33]} cxd4
{[%clk 01:16:16]} {[%emt 00:00:04]} 5. Nxd4 {[%clk 01:16:45]} {[%emt 00:00:09]}
d6 {[%clk 01:16:21]} {[%emt 00:00:26]} 6. Nf3 {[%clk 01:16:20]} {[%emt
00:00:55]} Nf6 {[%clk 01:16:24]} {[%emt 00:00:27]} 7. Nc3 {[%clk 01:16:25]}
{[%emt 00:00:25]} e6 {[%clk 01:16:33]} {[%emt 00:00:21]} 8. Bc4 {[%clk
01:16:02]} {[%emt 00:00:52]} a6 {[%clk 01:16:52]} {[%emt 00:00:11]} 9. a4
{[%clk 01:16:06]} {[%emt 00:00:27]} Be7 {[%clk 01:17:04]} {[%emt 00:00:17]} 10.
Be3 {[%clk 01:15:55]} {[%emt 00:00:41]} O-O {[%clk 01:16:47]} {[%emt 00:00:48]}
11. O-O {[%clk 01:14:39]} {[%emt 00:01:44]} Ng4 {[%clk 01:14:43]} {[%emt
00:02:34]} 12. Qd2 {[%clk 01:14:00]} {[%emt 00:01:10]} Nxe3 {[%clk 01:14:33]}
{[%emt 00:00:41]} 13. Qxe3 {[%clk 01:14:18]} {[%emt 00:00:12]} b6 {[%clk
01:14:18]} {[%emt 00:00:45]} 14. Rfd1 {[%clk 01:12:19]} {[%emt 00:02:29]} d5
{[%clk 01:14:11]} {[%emt 00:00:37]} 15. exd5 {[%clk 01:12:23]} {[%emt
00:00:25]} Bc5 {[%clk 01:14:14]} {[%emt 00:00:28]} 16. Nd4 {[%clk 01:11:58]}
{[%emt 00:00:55]} Bxd4 {[%clk 01:14:29]} {[%emt 00:00:14]} 17. Rxd4 {[%clk
01:12:16]} {[%emt 00:00:12]} Nxd4 {[%clk 01:14:47]} {[%emt 00:00:12]} 18. Qxd4
{[%clk 01:12:14]} {[%emt 00:00:32]} Rd8 {[%clk 01:14:07]} {[%emt 00:01:10]} 19.
Qe4 {[%clk 01:09:55]} {[%emt 00:02:50]} Bb7 {[%clk 01:14:20]} {[%emt 00:00:16]}
20. f5 {[%clk 01:08:28]} {[%emt 00:01:58]} Qc5+ {[%clk 01:14:07]} {[%emt
00:00:43]} 21. Kh1 {[%clk 01:08:25]} {[%emt 00:00:32]} exd5 {[%clk 01:14:09]}
{[%emt 00:00:29]} 22. b4 {[%clk 01:06:57]} {[%emt 00:01:58]} Qxb4 {[%clk
01:14:13]} {[%emt 00:00:25]} 23. Nxd5 {[%clk 01:06:59]} {[%emt 00:00:28]} Bxd5
{[%clk 01:13:51]} {[%emt 00:00:53]} 24. Bxd5 {[%clk 01:07:16]} {[%emt
00:00:13]} Qxe4 {[%clk 01:13:31]} {[%emt 00:00:49]} 25. Bxe4 {[%clk 01:07:38]}
{[%emt 00:00:08]} Rac8 {[%clk 01:13:38]} {[%emt 00:00:24]} 26. a5 {[%clk
01:07:11]} {[%emt 00:00:56]} bxa5 {[%clk 01:13:34]} {[%emt 00:00:34]} 27. g4
{[%clk 01:07:02]} {[%emt 00:00:39]} Rd4 {[%clk 01:13:40]} {[%emt 00:00:25]} 28.
Re1 {[%clk 01:06:35]} {[%emt 00:00:57]} a4 {[%clk 01:13:56]} {[%emt 00:00:14]}
29. Bb7 {[%clk 01:06:32]} {[%emt 00:00:32]} Rcd8 {[%clk 01:14:14]} {[%emt
00:00:12]} 30. Bf3 {[%clk 01:05:57]} {[%emt 00:01:05]} a3 {[%clk 01:14:35]}
{[%emt 00:00:09]} 31. c3 {[%clk 01:05:31]} {[%emt 00:00:56]} Rd3 {[%clk
01:14:55]} {[%emt 00:00:11]} 32. Bb7 {[%clk 01:04:19]} {[%emt 00:01:42]} a2
{[%clk 01:14:55]} {[%emt 00:00:30]} 33. Ra1 {[%emt 00:00:17]} Rd1+ {[%clk
01:15:22]} 34. Rxd1 {[%clk 01:04:40]} {[%emt 00:00:24]} Rxd1+ {[%clk 01:15:43]}
{[%emt 00:00:09]} 35. Kg2 {[%clk 01:04:50]} {[%emt 00:00:17]} a1=Q {[%clk
01:16:04]} {[%emt 00:00:11]} 36. Bf3 {[%clk 01:04:22]} {[%emt 00:00:58]} Qxc3
{[%clk 01:16:22]} {[%emt 00:00:12]} 37. Bxd1 {[%clk 01:04:40]} {[%emt
00:00:13]} Qd2+ {[%clk 01:16:43]} {[%emt 00:00:09]} 38. Kg3 {[%clk 01:04:40]}
{[%emt 00:00:30]} Qxd1 {[%clk 01:17:07]} {[%emt 00:00:06]} 39. Kh4 {[%clk
01:04:36]} {[%emt 00:00:33]} a5 {[%clk 01:17:29]} {[%emt 00:00:09]} 40. h3
{[%clk 01:04:57]} {[%emt 00:00:08]} a4 {[%clk 01:17:55]} 41. f6 {[%clk
01:05:16]} {[%emt 00:00:15]} gxf6 {[%clk 01:18:19]} 42. g5 {[%clk 01:05:30]}
{[%emt 00:00:22]} fxg5+ {[%clk 01:18:38]} 43. Kxg5 {[%clk 01:05:49]} {[%emt
00:00:22]} a3 {[%emt 00:00:12]} 44. h4 {[%clk 01:06:13]} {[%emt 00:00:05]} a2
{[%clk 01:19:25]} {[%emt 00:00:03]} 45. h5 {[%clk 01:06:12]} {[%emt 00:00:30]}
a1=R {[%clk 01:19:46]} {[%emt 00:00:09]} 46. h6 {[%clk 01:06:34]} {[%emt
00:00:08]} Qd5+ {[%clk 01:20:06]} {[%emt 00:00:10]} 47. Kf6 {[%clk 01:06:41]}
{[%emt 00:00:23]} Ra6+ {[%clk 01:20:31]} {[%emt 00:00:05]} 48. Ke7 {[%clk
01:07:03]} {[%emt 00:00:08]} Qb7+ {[%clk 01:20:53]} {[%emt 00:00:09]} 49. Kd8
{[%clk 01:07:17]} {[%emt 00:00:15]} Ra8# {[%clk 01:20:42]} {[%emt 00:00:04]}
0-1

[Event "DEM U10w 2024"]
[Site "Willingen GER"]
[Date "2024.05.19"]
[Round "1"]
[White "Naz Öksüz, Meryem"]
[Black "Hirtzel, Hanna Meiki"]
[Result "1-0"]
[Termination "normal"]
[Board "14"]
[WhiteElo "1154"]
[BlackElo "942"]
[WhiteClock "01:12:40"]
[BlackClock "00:55:38"]
[PlyCount "113"]
[WhiteFideId "533025860"]
[EventCountry "GER"]
[EventRounds "11"]
[EventType "swiss"]
[EventDate "2024.05.18"]

1. e4 {[%clk 01:15:59]} d5 {[%clk 01:15:51]} {[%emt 00:00:09]} 2. exd5 {[%clk
01:16:22]} {[%emt 00:00:07]} Qxd5 {[%clk 01:16:13]} {[%emt 00:00:08]} 3. Nc3
{[%clk 01:16:45]} {[%emt 00:00:07]} Qa5 {[%clk 01:16:35]} {[%emt 00:00:07]} 4.
d4 {[%clk 01:17:03]} {[%emt 00:00:13]} c6 {[%clk 01:16:57]} {[%emt 00:00:08]}
5. Bc4 {[%clk 01:17:24]} {[%emt 00:00:09]} Bf5 {[%clk 01:17:13]} {[%emt
00:00:13]} 6. Bd2 {[%clk 01:17:38]} {[%emt 00:00:17]} Qc7 {[%clk 01:17:34]}
{[%emt 00:00:09]} 7. Nf3 {[%clk 01:18:01]} {[%emt 00:00:07]} Nf6 {[%clk
01:17:53]} {[%emt 00:00:10]} 8. Qe2 {[%clk 01:18:22]} {[%emt 00:00:10]} e6
{[%clk 01:17:58]} {[%emt 00:00:25]} 9. O-O-O {[%clk 01:18:33]} {[%emt
00:00:17]} Bd6 {[%clk 01:18:06]} {[%emt 00:00:23]} 10. h3 {[%clk 01:18:51]}
{[%emt 00:00:13]} O-O {[%clk 01:18:20]} {[%emt 00:00:16]} 11. g4 {[%clk
01:19:11]} {[%emt 00:00:09]} Bg6 {[%clk 01:18:25]} {[%emt 00:00:23]} 12. Rdg1
{[%clk 01:19:19]} {[%emt 00:00:24]} h6 {[%clk 01:18:01]} {[%emt 00:00:55]} 13.
h4 {[%clk 01:19:33]} {[%emt 00:00:16]} h5 {[%clk 01:16:10]} {[%emt 00:02:20]}
14. gxh5 {[%clk 01:18:52]} {[%emt 00:00:55]} Bxh5 {[%clk 01:15:45]} {[%emt
00:01:12]} 15. Qe3 {[%clk 01:18:03]} {[%emt 00:01:18]} Nh7 {[%clk 01:12:24]}
{[%emt 00:03:51]} 16. Qh6 {[%clk 01:17:39]} {[%emt 00:00:39]} g6 {[%clk
01:11:52]} {[%emt 00:01:14]} 17. Ng5 {[%clk 01:16:51]} {[%emt 00:01:22]} Nf6
{[%clk 01:10:04]} {[%emt 00:02:15]} 18. Nce4 {[%clk 01:16:29]} {[%emt
00:00:51]} Nbd7 {[%clk 01:06:28]} {[%emt 00:04:09]} 19. Bc3 {[%clk 01:16:09]}
{[%emt 00:00:52]} e5 {[%clk 01:05:02]} {[%emt 00:01:55]} 20. Nxf6+ {[%clk
01:15:52]} {[%emt 00:00:48]} Nxf6 {[%clk 01:04:51]} {[%emt 00:00:39]} 21. dxe5
{[%clk 01:16:15]} {[%emt 00:00:08]} Bxe5 {[%clk 01:04:56]} {[%emt 00:00:24]}
22. Re1 {[%clk 01:14:35]} {[%emt 00:02:09]} Rfe8 {[%clk 01:04:38]} {[%emt
00:00:47]} 23. Rhf1 {[%clk 01:14:41]} {[%emt 00:00:25]} Rad8 {[%clk 01:04:39]}
{[%emt 00:00:26]} 24. b3 {[%emt 00:01:33]} Bxc3 {[%clk 01:04:14]} {[%emt
00:00:09]} 25. Rxe8+ {[%clk 01:14:54]} {[%emt 00:00:05]} Rxe8 {[%clk 01:04:25]}
{[%emt 00:00:18]} 26. Bxf7+ {[%clk 01:14:20]} {[%emt 00:01:05]} Qxf7 {[%clk
01:03:53]} {[%emt 00:01:01]} 27. Nxf7 {[%clk 01:14:41]} {[%emt 00:00:10]} Kxf7
{[%clk 01:04:12]} {[%emt 00:00:09]} 28. Qf4 {[%clk 01:14:12]} {[%emt 00:00:52]}
Re5 {[%clk 01:04:02]} {[%emt 00:00:44]} 29. Qc4+ {[%clk 01:14:00]} {[%emt
00:00:41]} Nd5 {[%clk 01:04:06]} {[%emt 00:00:30]} 30. Qc5 {[%clk 01:12:11]}
{[%emt 00:02:17]} b5 {[%clk 01:03:07]} {[%emt 00:01:30]} 31. Qxa7+ {[%clk
01:12:12]} {[%emt 00:00:32]} Ke6 {[%clk 01:01:59]} {[%emt 00:01:37]} 32. Qh7
{[%clk 01:10:32]} {[%emt 00:01:50]} b4 {[%clk 01:01:25]} {[%emt 00:01:25]} 33.
Qg8+ {[%emt 00:00:55]} Kd6 {[%clk 01:00:52]} {[%emt 00:00:21]} 34. Qd8+ {[%clk
01:10:33]} {[%emt 00:00:44]} Ke6 {[%clk 01:00:44]} {[%emt 00:00:39]} 35. Qc8+
{[%clk 01:10:50]} {[%emt 00:00:14]} Kd6 {[%clk 01:00:31]} {[%emt 00:00:36]} 36.
a4 {[%clk 01:11:03]} {[%emt 00:00:24]} g5 {[%clk 00:57:56]} {[%emt 00:03:04]}
37. hxg5 {[%clk 01:10:53]} {[%emt 00:00:38]} Rxg5 {[%clk 00:58:10]} {[%emt
00:00:18]} 38. Qd8+ {[%clk 01:11:06]} {[%emt 00:00:16]} Kc5 {[%clk 00:56:58]}
{[%emt 00:01:43]} 39. Qxg5 {[%emt 00:00:55]} Bf3 {[%clk 00:56:42]} {[%emt
00:00:04]} 40. Qh6 {[%clk 01:10:55]} {[%emt 00:00:58]} Nb6 {[%clk 00:55:10]}
{[%emt 00:02:03]} 41. Qf8+ {[%clk 01:11:03]} {[%emt 00:00:23]} Kd5 {[%clk
00:54:46]} {[%emt 00:00:51]} 42. Qxf3+ {[%emt 00:00:33]} Kd6 {[%clk 00:54:37]}
{[%emt 00:00:14]} 43. Rd1+ {[%clk 01:11:38]} {[%emt 00:00:19]} Ke5 {[%clk
00:54:25]} {[%emt 00:00:40]} 44. Qe3+ {[%clk 01:11:51]} {[%emt 00:00:15]} Kf5
{[%clk 00:54:34]} {[%emt 00:00:24]} 45. Qxb6 {[%clk 01:12:09]} {[%emt
00:00:09]} Ke5 {[%clk 00:54:40]} {[%emt 00:00:26]} 46. Qxc6 {[%clk 01:12:07]}
{[%emt 00:00:33]} Bd4 {[%clk 00:54:48]} {[%emt 00:00:22]} 47. Rxd4 {[%clk
01:12:13]} {[%emt 00:00:25]} Kxd4 {[%clk 00:54:35]} {[%emt 00:00:42]} 48. Qd6+
{[%clk 01:11:59]} {[%emt 00:00:42]} Ke4 {[%clk 00:54:38]} {[%emt 00:00:27]} 49.
Qxb4+ {[%clk 01:12:17]} {[%emt 00:00:16]} Kf3 {[%clk 00:54:51]} {[%emt
00:00:15]} 50. Qf8+ {[%clk 01:12:23]} {[%emt 00:00:25]} Kg2 {[%clk 00:54:58]}
{[%emt 00:00:20]} 51. a5 {[%clk 01:12:31]} {[%emt 00:00:25]} Kf1 {[%clk
00:55:17]} {[%emt 00:00:09]} 52. a6 {[%clk 01:12:43]} {[%emt 00:00:20]} Kg1
{[%emt 00:00:08]} 53. Kd1 {[%emt 00:00:09]} Kf1 {[%clk 00:55:11]} {[%emt
00:00:19]} 54. Qf3 {[%clk 01:12:40]} {[%emt 00:00:27]} Kg1 {[%clk 00:55:27]}
{[%emt 00:00:19]} 55. a7 {[%clk 01:12:40]} {[%emt 00:00:31]} Kh2 {[%clk
00:55:38]} {[%emt 00:00:18]} 56. a8=B Kg1 {[%clk 00:55:38]} 57. Qg2 1-0

[Event "DEM U10w 2024"]
[Site "Willingen GER"]
[Date "2024.05.19"]
[Round "1"]
[White "Seitov, Adela"]
[Black "Mandziuk, Varvara"]
[Result "0-1"]
[Termination "normal"]
[Board "15"]
[WhiteElo "923"]
[BlackElo "1146"]
[WhiteClock "01:20:07"]
[BlackClock "01:11:47"]
[PlyCount "50"]
[WhiteFideId "34675140"]
[BlackFideId "34638016"]
[EventCountry "GER"]
[EventRounds "11"]
[EventType "swiss"]
[EventDate "2024.05.18"]

1. e4 {[%clk 01:15:58]} {[%emt 00:00:01]} e5 {[%clk 01:15:54]} {[%emt
00:00:07]} 2. Nf3 {[%clk 01:16:23]} {[%emt 00:00:04]} Nc6 {[%clk 01:16:17]}
{[%emt 00:00:07]} 3. Bc4 {[%clk 01:16:46]} {[%emt 00:00:08]} Bc5 {[%clk
01:16:40]} {[%emt 00:00:06]} 4. Nc3 {[%clk 01:17:09]} {[%emt 00:00:07]} Nf6
{[%clk 01:17:04]} {[%emt 00:00:07]} 5. d3 {[%clk 01:17:31]} {[%emt 00:00:08]}
h6 {[%clk 01:17:29]} {[%emt 00:00:05]} 6. Be3 {[%clk 01:17:49]} {[%emt
00:00:12]} Bb6 {[%clk 01:17:45]} {[%emt 00:00:13]} 7. Bxb6 {[%clk 01:18:02]}
{[%emt 00:00:17]} axb6 {[%clk 01:18:07]} {[%emt 00:00:09]} 8. d4 {[%clk
01:17:48]} {[%emt 00:00:43]} d6 {[%clk 01:17:38]} {[%emt 00:01:00]} 9. dxe5
{[%clk 01:17:58]} {[%emt 00:00:20]} dxe5 {[%clk 01:17:49]} {[%emt 00:00:19]}
10. Qxd8+ {[%clk 01:18:14]} {[%emt 00:00:13]} Kxd8 {[%clk 01:17:26]} {[%emt
00:00:53]} 11. Rd1+ {[%clk 01:18:29]} {[%emt 00:00:16]} Ke8 {[%clk 01:17:42]}
{[%emt 00:00:13]} 12. Nd5 {[%clk 01:18:30]} {[%emt 00:00:30]} Nxd5 {[%clk
01:17:01]} {[%emt 00:01:10]} 13. exd5 {[%clk 01:18:46]} {[%emt 00:00:14]} Nb4
{[%clk 01:12:42]} {[%emt 00:04:50]} 14. Bb5+ {[%clk 01:18:51]} {[%emt
00:00:25]} c6 {[%clk 01:12:58]} {[%emt 00:00:14]} 15. dxc6 {[%clk 01:19:06]}
{[%emt 00:00:14]} bxc6 {[%clk 01:13:16]} {[%emt 00:00:12]} 16. Bd3 {[%clk
01:18:32]} {[%emt 00:01:05]} Nxd3+ {[%clk 01:13:07]} {[%emt 00:00:38]} 17. Rxd3
{[%clk 01:18:40]} {[%emt 00:00:22]} Bf5 {[%clk 01:11:51]} {[%emt 00:01:46]} 18.
Re3 {[%clk 01:18:56]} {[%emt 00:00:15]} e4 {[%clk 01:12:02]} {[%emt 00:00:19]}
19. Nd4 {[%clk 01:19:07]} {[%emt 00:00:19]} Bg6 {[%clk 01:12:05]} {[%emt
00:00:26]} 20. Nxc6 {[%clk 01:19:17]} {[%emt 00:00:20]} Rxa2 {[%clk 01:12:15]}
{[%emt 00:00:21]} 21. O-O {[%clk 01:19:12]} {[%emt 00:00:35]} Rxb2 {[%clk
01:12:26]} {[%emt 00:00:17]} 22. Rd1 {[%clk 01:19:29]} {[%emt 00:00:13]} f6
{[%clk 01:11:10]} {[%emt 00:01:47]} 23. Rd8+ {[%clk 01:19:46]} {[%emt
00:00:14]} Kf7 {[%clk 01:11:29]} {[%emt 00:00:11]} 24. Rxh8 {[%clk 01:19:54]}
{[%emt 00:00:22]} Rb1+ {[%clk 01:11:47]} {[%emt 00:00:12]} 25. Re1 {[%clk
01:20:07]} {[%emt 00:00:16]} Rxe1# {[%emt 00:01:14]} 0-1